| 000 | 00325 a2200133 4500 | ||
|---|---|---|---|
| 999 |
_c321601 _d321601 |
||
| 001 | 86528 | ||
| 003 | NUST | ||
| 005 | 20180123095151.0 | ||
| 008 | 180123b xxu||||| |||| 00| 0 eng d | ||
| 082 | _a398.205491 TAN | ||
| 100 |
_aShafqat Tanveer Mirza _99550 |
||
| 245 |
_aKook, Abyate Ali Haider _hUrdu |
||
| 260 |
_aIslamabad _bLok Virsa _c1980 |
||
| 300 | _a246p. | ||
| 500 | _aLok Virsa | ||
| 942 |
_aCAENUST _cBK _k398.205491 TAN _2ddc |
||